00598 a2200157 4500010001400000020002700014035001300041037001600054082001200070245008000082260004200162270011800204300004200322500005800364700001800422 aENG-89424 c3000.00a9788171886487 aEN-72957 bDBAD / PUB14a301.1531 aGandhian way:bpeace, non-violence and empowerment/cedited by Anand Sharma aNew DelhibAcademic Foundationc2007 a4772-73/23 Bharat Ram Road, (23 Ansari Road), Darya Ganj,bNew Delhie110002cDelhik23245001macedmic@vsnl.com a320p.:c21 cm ( Hb.)bb&w, col.photos aCelebrating hundred years of 'Satyagraha' (1906-2006) aSharma, Anand